| 000 | 00490cam a2200193ua 4500 | ||
|---|---|---|---|
| 001 | 5568 | ||
| 005 | 20260515113915.0 | ||
| 008 | 131004n ii |||gr||||Z||||||eng | ||
| 020 | _a978-81-237-2804-9 | ||
| 040 | _cMAIN | ||
| 082 | _a305.5 | ||
| 245 |
_aSelf-Care For Women _cBy Parul R Sheth |
||
| 260 |
_aNew Delhi: _bNational Book Trust , _c2009. |
||
| 653 | _aSociology | ||
| 653 | _aSocial Groups | ||
| 653 | _aSelf Care For Women | ||
| 700 |
_aSheth,Parul R, _eAuthor., |
||
| 942 | _cBK | ||
| 999 |
_c4728 _d4728 |
||